El mundo de Baltasar Gracián (Record no. 92650)

MARC details
000 -LEADER
campo de control de longitud fija 00944nam a2200253 i 4500
001 - NÚMERO DE CONTROL
campo de control 92650
003 - IDENTIFICADOR DE NÚMERO DE CONTROL
campo de control ES-MaACL
005 - FECHA Y HORA DE LA ÚLTIMA TRANSACCIÓN
campo de control 20250909203459.0
007 - CAMPO FIJO DE DESCRIPCIÓN FÍSICA--INFORMACIÓN GENERAL
campo de control de longitud fija t|
008 - DATOS DE LONGITUD FIJA--INFORMACIÓN GENERAL
campo de control de longitud fija 050412s2003 sp ||||1| spa d
020 ## - NÚMERO INTERNACIONAL ESTÁNDAR DEL LIBRO
Número Internacional Estándar del Libro 84-338-2886-X
080 ## - NÚMERO DE LA CLASIFICACIÓN DECIMAL UNIVERSAL
Número de la Clasificación Decimal Universal 821.134.2 Gracián, Baltasar 1.07
245 03 - MENCIÓN DEL TÍTULO
Título El mundo de Baltasar Gracián
Resto del título : (filosofía y literatura en el barroco) /
Mención de responsabilidad, etc. García Casanova, F.J. (ed.) ; Andreu, José María ... [et al.].
260 ## - PUBLICACIÓN, DISTRIBUCIÓN, ETC.
Lugar de publicación, distribución, etc. Granada :
Nombre del editor, distribuidor, etc. Universidad de Granada,
Fecha de publicación, distribución, etc. 2003.
300 ## - DESCRIPCIÓN FÍSICA
Extensión 444 p. ;
Dimensiones 19 cm.
490 1# - MENCIÓN DE SERIE
Mención de serie Biblioteca de bolsillo. Collectanea
600 14 - PUNTO DE ACCESO ADICIONAL DE MATERIA--NOMBRE DE PERSONA
Nombre de persona Gracián, Baltasar,
Fechas asociadas al nombre 1601-1658-
Subdivisión general Crítica e interpretación
9 (RLIN) 59479
700 1# - ENTRADA AGREGADA--NOMBRE PERSONAL
Nombre de persona García Casanova, Juan Francisco.
9 (RLIN) 54350
700 1# - ENTRADA AGREGADA--NOMBRE PERSONAL
Nombre de persona Andreu Celma, José María.
9 (RLIN) 21641
710 2# - ENTRADA AGREGADA--NOMBRE DE ENTIDAD CORPORATIVA
Nombre de entidad corporativa o nombre de jurisdicción como elemento de entrada Universidad de Granada.
9 (RLIN) 7176
830 1# - PUNTO DE ACCESO ADICIONAL DE SERIE-TÍTULO UNIFORME
Título uniforme Biblioteca de bolsillo. Collectanea
9 (RLIN) 232051
852 4# - LOCALIZACIÓN
Ubicación ES-MaACL
Número de control de estantería E-10945
Holdings
Estatus retirado Estado de pérdida Estado de daño No para préstamo Biblioteca de origen Biblioteca actual Ubicación en estantería Fecha de adquisición Fuente de adquisición Total de préstamos Signatura topográfica completa Código de barras Visto por última vez Precio de reemplazo Tipo de ítem Koha
        Biblioteca del Ateneo de Madrid Biblioteca del Ateneo de Madrid Depósito 2 17/01/2008     E-10945 1096724 23/02/2023 23/02/2023 Libro impreso